The extreme gamer's PC : (Record no. 49238)

MARC details
000 -LEADER
fixed length control field 01113cam a2200313 a 4500
001 - CONTROL NUMBER
control field 13073683
003 - CONTROL NUMBER IDENTIFIER
control field OSt
005 - DATE AND TIME OF LATEST TRANSACTION
control field 20170309120508.0
008 - FIXED-LENGTH DATA ELEMENTS--GENERAL INFORMATION
fixed length control field 030129s2002 nyua 001 0 eng d
010 ## - LIBRARY OF CONGRESS CONTROL NUMBER
LC control number 2003268275
020 ## - INTERNATIONAL STANDARD BOOK NUMBER
International Standard Book Number 9780072226379
035 ## - SYSTEM CONTROL NUMBER
System control number (OCoLC)ocm51026918
040 ## - CATALOGING SOURCE
Original cataloging agency OKI
Transcribing agency OKI
Modifying agency DLC
042 ## - AUTHENTICATION CODE
Authentication code lccopycat
050 00 - LIBRARY OF CONGRESS CALL NUMBER
Classification number TK7887
Item number .C37 2002
082 00 - DEWEY DECIMAL CLASSIFICATION NUMBER
Classification number 794.8/1
Edition number 22
100 1# - MAIN ENTRY--PERSONAL NAME
Personal name Case, Loyd.
245 14 - TITLE STATEMENT
Title The extreme gamer's PC :
Remainder of title a gamer's guide to PC ultimate performance /
Statement of responsibility, etc Loyd Case.
260 ## - PUBLICATION, DISTRIBUTION, ETC. (IMPRINT)
Place of publication, distribution, etc New York :
Name of publisher, distributor, etc McGraw-Hill/Osborne,
Date of publication, distribution, etc 2002.
300 ## - PHYSICAL DESCRIPTION
Extent xvi, 303 p. :
Other physical details ill. ;
Dimensions 24 cm.
500 ## - GENERAL NOTE
General note Includes index.
650 #0 - SUBJECT ADDED ENTRY--TOPICAL TERM
Topical term or geographic name as entry element Microcomputers
General subdivision Upgrading.
650 #0 - SUBJECT ADDED ENTRY--TOPICAL TERM
Topical term or geographic name as entry element Computer games
General subdivision Equipment and supplies.
856 41 - ELECTRONIC LOCATION AND ACCESS
Materials specified Table of contents
Uniform Resource Identifier <a href="http://www.loc.gov/catdir/toc/mh031/2003268275.html">http://www.loc.gov/catdir/toc/mh031/2003268275.html</a>
856 42 - ELECTRONIC LOCATION AND ACCESS
Materials specified Publisher description
Uniform Resource Identifier <a href="http://www.loc.gov/catdir/description/mh031/2003268275.html">http://www.loc.gov/catdir/description/mh031/2003268275.html</a>
906 ## - LOCAL DATA ELEMENT F, LDF (RLIN)
a 7
b cbc
c copycat
d 2
e ncip
f 20
g y-gencatlg
942 ## - ADDED ENTRY ELEMENTS (KOHA)
Source of classification or shelving scheme Library of Congress Classification
Koha item type Book
Holdings
Withdrawn status Lost status Source of classification or shelving scheme Damaged status Not for loan Collection code Home library Current library Shelving location Date acquired Source of acquisition Cost, normal purchase price Total Checkouts Full call number Barcode Price effective from Koha item type
    Library of Congress Classification     Non-fiction Bishop Okullu Memorial Library (Limuru Campus) Bishop Okullu Memorial Library (Limuru Campus) General Circulation 09/03/2017 Donation-BFA 2000.00   TK7887 .C37 2002 051561 09/03/2017 Book